Najviac prekáža opakovanie
Rozhodovanie zákazníka o kúpe na podnet reklamnej kampane. Výsledky reprezentatívneho prieskumu. Najznámejšie reklamné kampane. Negatíva reklamy z pohľadu populácie Slovenska.
Uložené v:
| Hlavný autor: | |
|---|---|
| Ďalší autori: | |
| Médium: | Kapitola |
| Jazyk: | Slovak |
| Predmet: | |
| Tagy: |
Žiadne tagy, Buďte prvý, kto otaguje tento záznam!
|
MARC
| LEADER | 00000naa a2200000 4500 | ||
|---|---|---|---|
| 001 | r026280 | ||
| 005 | 20230922094429.9 | ||
| 041 | 0 | |a slo | |
| 044 | |a SK | ||
| 245 | 1 | 0 | |a Najviac prekáža opakovanie |c Ladislav Faith, P. Dubáň |
| 520 | |a Rozhodovanie zákazníka o kúpe na podnet reklamnej kampane. Výsledky reprezentatívneho prieskumu. Najznámejšie reklamné kampane. Negatíva reklamy z pohľadu populácie Slovenska. | ||
| 610 | 2 | 0 | |a reklama |
| 610 | 2 | 0 | |a kampane reklamné |
| 610 | 2 | 0 | |a nákup |
| 610 | 2 | 0 | |a Slovensko |
| 610 | 2 | 0 | |a motivácia |
| 610 | 2 | 0 | |a zákazníci |
| 100 | 1 | |a Faith, Ladislav | |
| 700 | 1 | |a Dubáň, P. | |